000 00730nam a2200217Ii 4500
003 JO-AjNU
008 230605s9999||||xx |||||||||||||| ||und||
017 _a1993/5780
020 _a977-01-3434-1
040 _aJO-AjNU
_bara
_erda
_cJO-AjNU
041 _aara
050 1 4 _aTN649.A3488 1993
100 3 _aاعداد عافية، محمد سميح؛مراجعة احمد الصاوي ,
_eauthor
_938142
245 0 0 _aالتعدين في مصر قديما وحديثا، ج2
264 3 1 _aالقاهره: الهيئة المصرية، 1993
300 _aج2، 350ص
336 _atext
_btxt
_2rdacontent
337 _aunmediated
_bn
_2rdamedia
338 _avolume
_bnc
_2rdacarrier
650 4 _aالتعدين-مصر
_938143
999 _aA16000
_c19568
_d19568